Športový deň: benefit pre zamestnancov

Dôvody, prečo zamestnávatelia pristupujú k integrácii mimopracovných aktivít do bežného pracovného rytmu. Jednou z možností mimopracovných teambuildingových aktivít je usporiadanie športového dňa.

Enregistré dans:
Détails bibliographiques
Auteur principal: Malevič, Eva
Format: Chapitre de livre
Langue:slovaque
Sujets:
Tags: Ajouter un tag
Pas de tags, Soyez le premier à ajouter un tag!

MARC

LEADER 00000naa a2200000 4500
001 0186317
005 20230912114225.6
041 0 |a slo 
044 |a SK 
245 1 0 |a Športový deň: benefit pre zamestnancov  |c Eva Malevič 
520 |a Dôvody, prečo zamestnávatelia pristupujú k integrácii mimopracovných aktivít do bežného pracovného rytmu. Jednou z možností mimopracovných teambuildingových aktivít je usporiadanie športového dňa. 
610 2 0 |a kultúra podniková 
610 2 0 |a vzťahy medziľudské 
610 2 0 |a spolupracovníci 
610 2 0 |a lojálnosť zamestnancov 
610 2 0 |a tímy pracovné 
610 2 0 |a benefity 
100 1 |a Malevič, Eva